| 000 | 00806nam a22002417a 4500 | ||
|---|---|---|---|
| 003 | OSt | ||
| 005 | 20131209125734.0 | ||
| 007 | ta | ||
| 008 | 131030s1903 xxu||||| |||| 00| 0 eng d | ||
| 020 | _a8440487061 | ||
| 024 |
_2DL _aB4191590 |
||
| 040 |
_cCDMR _bcat |
||
| 100 |
_94202 _aModesto Sánchez Ortiz |
||
| 245 |
_aEl periodismo _b: facsímil de la edición de 1903 _cModesto Sánchez Ortiz ; prólogo de Josep Maria Casasús |
||
| 260 |
_aMadrid _bFundación Privada Conde de Barcelona |
||
| 260 |
_bLa Vanguardia _c1990 |
||
| 300 | _aXXV, 96 p. | ||
| 501 | _aEl periodismo : prólogo del libro El país, la política, la prensa / por Modesto Sanchez Ortiz | ||
| 600 | 1 |
_94202 _aModesto Sánchez Ortiz |
|
| 650 | 0 | 4 |
_9382 _aPeriodisme |
| 700 | 1 |
_9799 _aCasasús, Josep Maria _epr. |
|
| 942 |
_2udc _cMON |
||
| 999 |
_c6652 _d6652 |
||